00787nam a2200229 i 4500001000700000003000900007005001700016007000300033008004100036020001800077080002300095100003700118245006500155260003200220300004900252490001600301600004200317830002400359852003300383999001900416952012200435103068ES-MaACL20230906183247.0t|060110s2004 sp ||||1| spa d a84-96107-18-3 a929 Mihura, Miguel1 aMoreiro Prieto, Julián.98323210aMiguel Mihura b: humor y melancolía / cJulián Moreiro. aMadrid : bAlgaba, c[2004] a419 p., [30] p. de lám. : bil. ; c25 cm.1 aBiografía14aMihura, Miguel-xBiografías.9810590 aBiografía9183045 aES-MaACLjL-29267 bR.136664 c103068d103068 00104070aATENEOMbATENEOMcDEPO2d2008-01-17eSCl0oL-29267p1107627r2023-02-23 00:00:00w2023-02-23yMONOGRAFIA